[Event "GER-chT U14 Girls"]
[Site "Dittrichshuette"]
[Date "2004.12.28"]
[Round "3.3"]
[White "Mueller, Johanna"]
[Black "Voss, Janine"]
[Result "0-1"]
[WhiteElo "967"]
[BlackElo "1071"]
[PlyCount "126"]
[EventDate "2004.12.27"]
[EventType "team"]
[EventRounds "6"]
[EventCountry "GER"]
[SourceTitle "EXT 2006"]
[Source "ChessBase"]
[SourceDate "2005.11.24"]
[SourceVersion "1"]
[SourceVersionDate "2005.11.24"]
[SourceQuality "1"]

1. e4 c5 2. Nf3 d6 3. d4 cxd4 4. Nxd4 Nf6 5. Nc3 g6 6. Be3 Bg7 7. f3 Nc6 8. Qd2 Bd7 9. 0-0-0 h5 10. Kb1 Rc8 11. h3 h4 12. Rg1 Ne5 13. g3 hxg3 14. Rxg3 Nc4 15. Bxc4 Rxc4 16. Rh1 Qc8 17. Ndb5 a6 18. Na3 Nh5 19. Rgg1 Bxc3 20. bxc3 Rxc3 21. Kb2 Rc6 22. f4 Bxh3 23. Bd4 Rh7 24. Rg5 Bd7 25. f5 Nf6 26. Re1 Rh6 27. fxg6 Rxg6 28. Rxg6 fxg6 29. Qg5 Kf7 30. Rf1 Qh8 31. e5 dxe5 32. Bxe5 Bf5 33. Qf4 Qc8 34. Rf2 Rc5 35. c4 b5 36. Kb3 Qb7 37. cxb5 axb5 38. Qb4 Rxe5 39. Rd2 Qf3+ 40. Qc3 Qxc3+ 41. Kxc3 g5 42. Kb4 Bd7 43. Nc2 g4 44. Nd4 Re4 45. Kc5 Re5+ 46. Kb4 g3 47. Rg2 Nh5 48. Ne2 Bc6 49. Rg1 g2 50. Nd4 Re4 51. Kc5 Bb7 52. Nxb5 Rh4 53. Re1 Rh1 54. Rxh1 gxh1Q 55. a4 Qc6+ 56. Kb4 Nf4 57. Ka5 Qa6+ 58. Kb4 Nd5+ 59. Kb3 Qa5 60. Nd6+ exd6 61. Ka3 Qb4+ 62. Ka2 Nc3+ 63. Ka1 Qb1# 0-1

[Event "GER-chT U14 Girls"]
[Site "Greifswald"]
[Date "2003.12.29"]
[Round "5.4"]
[White "Mueller, Johanna"]
[Black "Muschak, Theresia"]
[Result "1/2-1/2"]
[WhiteElo "999"]
[BlackElo "864"]
[PlyCount "54"]
[EventDate "2003.12.27"]
[EventType "team-swiss"]
[EventRounds "7"]
[EventCountry "GER"]
[SourceTitle "EXT 2022"]
[Source "ChessBase"]
[SourceDate "2021.10.06"]
[SourceVersion "1"]
[SourceVersionDate "2021.10.06"]
[SourceQuality "1"]
[WhiteTeam "Halle Franckesche Stift U14 Girls"]
[BlackTeam "Schwabmuenchen U14 Girls"]
[WhiteTeamCountry "GER"]
[BlackTeamCountry "GER"]

1. e4 e5 2. Nf3 Nc6 3. Nc3 Nf6 4. Bb5 Bc5 5. 0-0 0-0 6. d3 d6 7. Bg5 h6 8. Bh4 Bg4 9. h3 Bh5 10. Nd5 g5 11. Nxf6+ Qxf6 12. Bg3 Nd4 13. Bc4 Bxf3 14. gxf3 Qxf3 15. Qxf3 Nxf3+ 16. Kg2 Nd2 17. Rg1 Nxc4 18. dxc4 f6 19. Kh1 Bd4 20. c3 Bb6 21. a4 a5 22. b4 c5 23. bxc5 Bxc5 24. Rab1 b6 25. Rg2 h5 26. Rf1 h4 27. Bxh4 Kf7 1/2-1/2

[Event "GER-chT U14 Girls"]
[Site "Greifswald"]
[Date "2003.12.28"]
[Round "3.4"]
[White "Mueller, Johanna"]
[Black "Brjakow, Jennifer"]
[Result "1-0"]
[WhiteElo "999"]
[BlackElo "1056"]
[PlyCount "35"]
[EventDate "2003.12.27"]
[EventType "team-swiss"]
[EventRounds "7"]
[EventCountry "GER"]
[SourceTitle "EXT 2022"]
[Source "ChessBase"]
[SourceDate "2021.10.06"]
[SourceVersion "1"]
[SourceVersionDate "2021.10.06"]
[SourceQuality "1"]
[WhiteTeam "Halle Franckesche Stift U14 Girls"]
[BlackTeam "Delitzsch ESV U14 Girls"]
[WhiteTeamCountry "GER"]
[BlackTeamCountry "GER"]

1. e4 e5 2. Nf3 Nc6 3. Nc3 Bc5 4. Bc4 Nf6 5. d3 h6 6. 0-0 d6 7. Nd5 0-0 8. h3 Be6 9. Be3 b6 10. b3 Ne7 11. Nxf6+ gxf6 12. Bxh6 Re8 13. d4 exd4 14. Nxd4 d5 15. exd5 Nxd5 16. Nxe6 Ne7 17. Nxd8 Raxd8 18. Qh5 1-0